Credit Risk Management (Record no. 178005)

MARC details
000 -LEADER
fixed length control field 00446nam a2200193Ia 4500
008 - FIXED-LENGTH DATA ELEMENTS--GENERAL INFORMATION
fixed length control field 240823s9999||||xx |||||||||||||| ||und||
020 ## - INTERNATIONAL STANDARD BOOK NUMBER
International Standard Book Number 81-7992-257-X
082 ## - DEWEY DECIMAL CLASSIFICATION NUMBER
-- 658.155 P4
100 ## - MAIN ENTRY--PERSONAL NAME
Personal name Bagchi S K
245 #0 - TITLE STATEMENT
Title Credit Risk Management
250 ## - EDITION STATEMENT
Edition statement 2nd
260 ## - PUBLICATION, DISTRIBUTION, ETC. (IMPRINT)
Date of publication, distribution, etc 2004
Name of publisher, distributor, etc "Jaico,B"
Place of publication, distribution, etc Mumbai
500 ## - GENERAL NOTE
General note YES
650 ## - SUBJECT ADDED ENTRY--TOPICAL TERM
Topical term or geographic name as entry element Risk
942 ## - ADDED ENTRY ELEMENTS (KOHA)
Item type Books
Holdings
Withdrawn status Lost status Damaged status Permanent location Current location Shelving location Date acquired Source of acquisition Cost, normal purchase price Full call number Barcode Date last seen Koha item type
      CENTRAL LIBRARY, NOORUL ISLAM CENTRE FOR HIGHER EDUCATION CENTRAL LIBRARY, NOORUL ISLAM CENTRE FOR HIGHER EDUCATION NILA 09/19/2007 Capricorn Educational Supplies 250.00 658.155 P4 31470 08/23/2024 Books
Visitors:
Copyright © 2024 Central Library NICHE.  All rights reserved.